Jugadores Polonia #1 - Estadísticas

Estadísticas generales
  • Esta prueba ha sido intentada 22 veces
  • La puntuación promedio es 8 de 20
Estadísticas de respuestas
Imagen Respuesta % Correcto
Lewandowski
100%
Cash
89%
Fabianski
72%
Szczesny
72%
Milik
67%
Zalewski
67%
Piatek
61%
Zielinski
39%
Bulka
33%
Frankowski
28%
Grosicki
28%
Szymanski
28%
Skorupski
22%
Bednarek
17%
Kiwior
17%
Moder
17%
Linetty
11%
Kedziora
6%
Klich
6%
Swiderski
6%
No se encontraron pruebas coincidentes
Distribución de puntuación
Porcentaje de gente con cada puntuación
Porcentaje por número respondido
Historial de tus puntuaciones
No has intentado esta prueba.